000 01802nam a2200409Ia 4500
001 vtls003172308
003 MY-SjTCS
005 20200226112232.0
006 m u
007 cr cn|||||||||
008 100712s1973 quca sb 100 0 eng d
010 _z 73-079099
020 _z0773501622
020 _z0773501770 (pbk.)
035 _a(CaPaEBR)ebr10147042
039 9 _y201007121424
_zVLOAD
040 _aCaPaEBR
_cCaPaEBR
041 0 _aeng
_afre
050 1 4 _aLB2301
_b.N88 1973eb
111 2 _aNuffield Canadian Seminar
_d(1971 :
_cCap-Rouge, Que.)
245 1 0 _aPost-secondary education in a technological society
_h[electronic resource] :
_bL'enseignement post-secondaire dans une société technologique /
_cedited by T. H. McLeod.
246 1 _aEnseignement post-secondaire dans une société technologique
260 _aMontreal :
_bMcGill-Queen's University Press [for Nuffield Foundation],
_c1973.
300 _a247 p. :
_bill.
500 _aSummary of discussion and the papers prepared for the Nuffield Canadian Seminar held at Cap-Rouge, 25-27 June 1971.
500 _aEnglish and French.
504 _aIncludes bibliographical references.
529 _aTSLHHL
533 _aElectronic reproduction.
_bPalo Alto, Calif. :
_cebrary,
_d2009.
_nAvailable via World Wide Web.
_nAccess may be limited to ebrary affiliated libraries.
650 0 _aEducation, Higher
_vCongresses.
_915718
650 0 _aPostsecondary education
_vCongresses.
655 7 _aElectronic books.
_2local
700 1 _aMcLeod, T. H.
710 2 _aNuffield Foundation.
710 2 _aebrary, Inc.
_925628
856 4 0 _uhttps://ezproxy.taylors.edu.my/login?url=http://site.ebrary.com/lib/taylorscollege/Doc?id=10147042
_zAn electronic book accessible through the World Wide Web; click to view
999 _c91821